[Event "Titled Tue 1st Jul Early"]
[Site "chess.com INT"]
[Date "2025.07.01"]
[Round "5"]
[White "Khoo-Thwe, Louis"]
[Black "Lacasa Diaz, Josep Anton"]
[Result "1-0"]
[WhiteTitle "CM"]
[BlackTitle "IM"]
[WhiteElo "2232"]
[BlackElo "2315"]
[WhiteFideId "1538756"]
[BlackFideId "2203375"]
[EventDate "2025.07.01"]

1. e4 c5 2. Nf3 Nc6 3. Nc3 g6 4. d4 cxd4 5. Nxd4 Bg7 6. Be3 Nf6 7. Bc4 O-O 8.
Bb3 d6 9. f3 Qa5 10. Qd2 Nxd4 11. Bxd4 Be6 12. O-O Rfc8 13. Rad1 a6 14. Bxf6
Bxf6 15. Nd5 Qxd2 16. Nxf6+ Kg7 17. Nh5+ gxh5 18. Rxd2 Bxb3 19. axb3 Rc5 20. c3
Rb5 21. b4 Rc8 22. Ra1 Kf6 23. Kf2 h4 24. h3 Ra8 25. f4 a5 26. bxa5 Rbxa5 27.
Rxa5 Rxa5 28. Kf3 h5 29. Rd4 Rb5 30. b4 Rb6 31. Rd5 Rc6 32. Rxh5 Rxc3+ 33. Kg4
Rg3+ 34. Kxh4 Rxg2 35. Rb5 Re2 36. Rxb7 Rxe4 37. Kg3 Re3+ 38. Kg4 Re1 39. b5
Rg1+ 40. Kf3 Rb1 41. b6 e5 42. fxe5+ dxe5 43. Rb8 Kf5 44. b7 Rb2 45. h4 Rb3+ 46.
Ke2 Ke4 47. h5 Rb2+ 48. Kd1 Kf3 49. h6 e4 50. h7 e3 51. Re8 e2+ 52. Rxe2 Rb1+
53. Kc2 Rxb7 54. h8=Q Kxe2 55. Qe5+ Kf2 56. Qf4+ Kg1 57. Qg3+ Kf1 58. Qf3+ Kg1
59. Qxb7 1-0

[Event "Titled Tue 1st Jul Early"]
[Site "chess.com INT"]
[Date "2025.07.01"]
[Round "5"]
[White "Exposito Milan, Adrian"]
[Black "Murthy, Pappu"]
[Result "1-0"]
[WhiteTitle "FM"]
[WhiteElo "2179"]
[BlackElo "1836"]
[WhiteFideId "24556645"]
[BlackFideId "2013401"]
[EventDate "2025.07.01"]

1. c4 Nf6 2. g3 c5 3. Bg2 d5 4. cxd5 Nxd5 5. Nc3 Nc7 6. Nf3 Nc6 7. O-O e5 8. a3
Be7 9. Rb1 O-O 10. b4 cxb4 11. axb4 a6 12. b5 axb5 13. Nxb5 f6 14. d3 Be6 15.
Be3 Ra2 16. Bb6 Bd6 17. d4 Qd7 18. dxe5 Nxb5 19. exd6 Nxd6 20. Bc5 Rd8 21. e3 b5
22. Nd4 Nxd4 23. Qxd4 Bc4 24. Rfd1 Be2 25. Bd5+ Kh8 26. Bxa2 Bxd1 27. Rxd1 1-0

[Event "Titled Tue 1st Jul Early"]
[Site "chess.com INT"]
[Date "2025.07.01"]
[Round "5"]
[White "Gelman, Alexander"]
[Black "King, Alexander"]
[Result "1-0"]
[WhiteTitle "IM"]
[BlackTitle "FM"]
[WhiteElo "2403"]
[BlackElo "2263"]
[WhiteFideId "4118316"]
[BlackFideId "2063620"]
[EventDate "2025.07.01"]

1. d4 d5 2. Nc3 Nf6 3. Bf4 c5 4. e3 cxd4 5. exd4 a6 6. Nf3 Nc6 7. Ne5 Bd7 8. Qd2
e6 9. f3 Rc8 10. g4 h6 11. h4 Bb4 12. a3 Bxc3 13. bxc3 Qa5 14. Rb1 b5 15. Rb3
Qa4 16. Nxc6 Rxc6 17. Be5 Ke7 18. g5 hxg5 19. Qxg5 Rcc8 20. h5 Qa5 21. h6 Rcg8
22. Rh4 Ke8 23. hxg7 Rxh4 24. Qxh4 1-0

[Event "Titled Tue 1st Jul Early"]
[Site "chess.com INT"]
[Date "2025.07.01"]
[Round "5"]
[White "Vokhidov, Shamsiddin"]
[Black "Rosen, Eric"]
[Result "1-0"]
[WhiteTitle "GM"]
[BlackTitle "IM"]
[WhiteElo "2650"]
[BlackElo "2377"]
[WhiteFideId "14204223"]
[BlackFideId "2032562"]
[EventDate "2025.07.01"]

1. e4 e6 2. d4 d5 3. Nc3 Nf6 4. Bg5 h6 5. Bxf6 Qxf6 6. a3 c6 7. Nf3 Nd7 8. Bd3
Qd8 9. Qe2 Be7 10. O-O O-O 11. Rfe1 Re8 12. Rad1 Nf8 13. Qe3 b6 14. Ne2 Bb7 15.
c3 Bg5 16. Nxg5 Qxg5 17. f4 Qh4 18. e5 a5 19. Rf1 Ba6 20. Bxa6 Rxa6 21. f5 Qg5
22. Qd3 Ra7 23. f6 g6 24. Rf3 c5 25. Rg3 Qf5 26. Qe3 g5 27. h4 Ng6 28. hxg5 h5
29. Rf1 Qe4 30. Nf4 Qxe3+ 31. Rxe3 Kh7 32. Nxh5 cxd4 33. cxd4 Rc8 34. Rh3 Kg8
35. Nf4 Nf8 36. Kf2 Rc2+ 37. Kg3 Rxb2 38. Kg4 Ng6 39. Rc1 Ra8 40. Nxg6 Rxg2+ 41.
Kf3 Rh2 42. Ne7+ Kf8 43. Rxh2 Ke8 1-0

[Event "Titled Tue 1st Jul Early"]
[Site "chess.com INT"]
[Date "2025.07.01"]
[Round "5"]
[White "Allahverdiyeva, Ayan"]
[Black "Uritsky, Yonathan"]
[Result "0-1"]
[WhiteTitle "WIM"]
[BlackTitle "FM"]
[WhiteElo "2234"]
[BlackElo "2368"]
[WhiteFideId "13412590"]
[BlackFideId "2825651"]
[EventDate "2025.07.01"]

1. e4 c5 2. Nf3 e6 3. d4 cxd4 4. Nxd4 Nf6 5. Nc3 Nc6 6. Ndb5 d6 7. Bf4 e5 8. Bg5
a6 9. Na3 b5 10. Nd5 Be7 11. Bxf6 Bxf6 12. c3 O-O 13. Nc2 Bg5 14. a4 bxa4 15.
Rxa4 a5 16. g3 Rb8 17. h4 Bh6 18. Qa1 f5 19. Bd3 Bd7 20. Rc4 Ne7 21. Nxe7+ Qxe7
22. exf5 Bxf5 23. Bxf5 Rxf5 24. O-O Rff8 25. Qxa5 Rxb2 26. Qd5+ Kh8 27. Ne3
Rbxf2 28. Re1 R2f3 29. Nf1 Qf6 30. Qd1 Be3+ 31. Nxe3 Rxg3+ 32. Kh1 Qf2 0-1

[Event "Titled Tue 1st Jul Early"]
[Site "chess.com INT"]
[Date "2025.07.01"]
[Round "5"]
[White "Lopez Rayo, Isabella"]
[Black "Piesik, Piotr"]
[Result "0-1"]
[WhiteTitle "WFM"]
[BlackTitle "IM"]
[WhiteElo "1998"]
[BlackElo "2436"]
[WhiteFideId "4452755"]
[BlackFideId "1136194"]
[EventDate "2025.07.01"]

1. e4 g6 2. d4 Bg7 3. Nc3 c6 4. Nf3 d6 5. h3 Nf6 6. Bg5 Nbd7 7. Qd2 e5 8. dxe5
dxe5 9. O-O-O Qe7 10. Bh6 Bxh6 11. Qxh6 Nc5 12. Qe3 b5 13. Bd3 Nfd7 14. Kb1 Nb6
15. h4 h5 16. Ng5 f6 17. Nh3 Bg4 18. f3 Be6 19. f4 Bg4 20. Rd2 O-O-O 21. Nf2 Be6
22. Rhd1 Rd7 23. f5 Bf7 24. Ne2 Rhd8 25. g4 hxg4 26. Nxg4 gxf5 27. exf5 e4 28.
Bxb5 0-1

[Event "Titled Tue 1st Jul Early"]
[Site "chess.com INT"]
[Date "2025.07.01"]
[Round "5"]
[White "Mizzi, Jack"]
[Black "Fichter, Fabian"]
[Result "1-0"]
[WhiteTitle "CM"]
[BlackTitle "FM"]
[WhiteElo "2106"]
[BlackElo "2227"]
[WhiteFideId "5602521"]
[BlackFideId "24613258"]
[EventDate "2025.07.01"]

1. d4 d5 2. c4 e6 3. Nf3 Nf6 4. g3 c6 5. Nbd2 b6 6. Bg2 Bb7 7. O-O Nbd7 8. Qc2
Rc8 9. Rd1 Be7 10. b3 O-O 11. Bb2 Qc7 12. Rac1 Qb8 13. Qb1 h6 14. Ne5 Nxe5 15.
dxe5 Nd7 16. cxd5 cxd5 17. e4 Rxc1 18. Qxc1 dxe4 19. Nxe4 Nxe5 20. Qa1 f6 21.
Bxe5 fxe5 22. Rd7 Bxe4 23. Bxe4 Bc5 24. Rd2 Bd4 25. Qf1 Qe8 26. Kg2 Qf7 27. Rc2
h5 28. h4 Qe7 29. Bg6 Qf6 30. Bxh5 g5 31. hxg5 Qxg5 32. Bf3 Qf6 33. Be4 Qh6 34.
Qd3 Qh5 35. Bf3 Qh6 36. Rc7 Kh8 37. Rxa7 Kg8 38. Rb7 Kh8 39. a4 Kg8 40. b4 Re8
41. a5 1-0

[Event "Titled Tue 1st Jul Early"]
[Site "chess.com INT"]
[Date "2025.07.01"]
[Round "5"]
[White "Vijayakumar, Rishi"]
[Black "Redor, Menandro"]
[Result "1-0"]
[WhiteTitle "FM"]
[WhiteElo "2333"]
[BlackElo "2021"]
[WhiteFideId "2408953"]
[BlackFideId "5222010"]
[EventDate "2025.07.01"]

1. d4 c5 2. d5 Nf6 3. c4 b5 4. cxb5 a6 5. e3 axb5 6. Bxb5 g6 7. Nc3 Bg7 8. e4
O-O 9. a4 d6 10. Nf3 Ba6 11. Bd2 Nbd7 12. O-O Bxb5 13. axb5 Rxa1 14. Qxa1 Ng4
15. Qa6 Nge5 16. Nxe5 Nxe5 17. b6 Qd7 18. h3 c4 19. Qa7 Qc8 20. b7 Qb8 21. Ra1
Nd7 22. Be3 Qc7 23. Nb5 Qd8 24. Qa8 Bxb2 25. Qxd8 Rxd8 26. Ra8 Nb8 27. Bb6 Re8
28. Bc7 1-0

[Event "Titled Tue 1st Jul Early"]
[Site "chess.com INT"]
[Date "2025.07.01"]
[Round "5"]
[White "Lu, Xiahan (Luna)"]
[Black "Goswami, Vedant"]
[Result "0-1"]
[WhiteTitle "WCM"]
[BlackTitle "FM"]
[WhiteElo "1896"]
[BlackElo "2057"]
[WhiteFideId "4317076"]
[BlackFideId "5003725"]
[EventDate "2025.07.01"]

1. e4 c5 2. Nf3 Nc6 3. d4 cxd4 4. Nxd4 d6 5. Nc3 Nf6 6. Bg5 e6 7. Bb5 Bd7 8. O-O
Be7 9. Bxc6 bxc6 10. Qe2 e5 11. Bxf6 Bxf6 12. Nf3 Qb6 13. Rab1 O-O 14. Rfd1 Be7
15. h3 Be6 16. b3 Rad8 17. Na4 Qb4 18. Nb2 f5 19. exf5 Bxf5 20. Nd3 Qa3 21. c4
Bf6 22. Rbc1 e4 23. Qe3 exd3 24. Nd2 Rde8 25. Qf3 Qc5 26. Rb1 Bd4 27. Qg3 Bg6
28. Kf1 Rxf2+ 29. Qxf2 Bxf2 30. b4 Qe3 0-1

[Event "Titled Tue 1st Jul Early"]
[Site "chess.com INT"]
[Date "2025.07.01"]
[Round "5"]
[White "Oviedo Acosta, Paula"]
[Black "Zaw, Ye Htut"]
[Result "0-1"]
[WhiteTitle "WFM"]
[BlackTitle "CM"]
[WhiteElo "1928"]
[BlackElo "2074"]
[WhiteFideId "3704394"]
[BlackFideId "13013955"]
[EventDate "2025.07.01"]

1. e4 d5 2. exd5 Qxd5 3. Nf3 Nf6 4. d4 Nc6 5. c4 Qh5 6. d5 Ne5 7. Nxe5 Qxe5+ 8.
Be3 Qxb2 9. Bd4 Qb4+ 10. Bc3 Qd6 11. Bd3 Bg4 12. f3 Bh5 13. Nd2 Bg6 14. Bxg6
hxg6 15. Qe2 Rxh2 16. Rxh2 Qxh2 17. Be5 Qh4+ 18. g3 Qh1+ 19. Nf1 O-O-O 20. O-O-O
e6 21. Ne3 Ba3+ 22. Kb1 Qh5 23. Nc2 Bc5 24. g4 Qg5 25. Rd3 exd5 26. cxd5 Nxd5
27. f4 Qe7 28. Qd2 Qe6 29. Qa5 Bb6 30. Qd2 f6 31. Bb2 c6 32. g5 Qe4 33. gxf6
gxf6 34. Bxf6 Nc3+ 0-1

[Event "Titled Tue 1st Jul Early"]
[Site "chess.com INT"]
[Date "2025.07.01"]
[Round "5"]
[White "Vihaan Karthikeya N"]
[Black "Jahnz, Laurin"]
[Result "1-0"]
[WhiteTitle "CM"]
[BlackTitle "CM"]
[WhiteElo "2179"]
[BlackElo "2216"]
[WhiteFideId "25950673"]
[BlackFideId "16261089"]
[EventDate "2025.07.01"]

1. d4 c6 2. c4 e6 3. Nc3 d5 4. Nf3 f5 5. g3 Nf6 6. Bg2 Bd6 7. O-O O-O 8. Ne1 Ne4
9. cxd5 exd5 10. Nd3 Nd7 11. Bf4 Be7 12. Qb3 g5 13. Be3 Bd6 14. Nxe4 fxe4 15.
Bxe4 Kg7 16. Bg2 Qe7 17. Rad1 h6 18. Nc5 Nxc5 19. dxc5 Bxc5 20. Qc3+ d4 21.
Bxd4+ Bxd4 22. Qxd4+ Qf6 23. Qb4 a5 24. Qb3 Rf7 25. f4 Be6 26. Qc2 g4 27. e4 Re8
28. e5 Qf5 29. Be4 Qh5 30. f5 Bxa2 31. f6+ Kg8 32. Bg6 Bb3 33. Bxh5 Bxc2 34.
Bxf7+ Kxf7 35. Rd7+ Ke6 36. Rxb7 Be4 37. f7 Rf8 38. Rf4 Bf5 39. Rc4 Kxe5 40.
Rxc6 Be4 41. Re7+ Kd5 42. Rf6 Rc8 43. f8=Q Rc1+ 44. Rf1 Rc2 45. Qd8+ Kc4 46.
Rc7+ Kb3 47. Rxc2 1-0

[Event "Titled Tue 1st Jul Early"]
[Site "chess.com INT"]
[Date "2025.07.01"]
[Round "5"]
[White "Liu, Zachary Hankun"]
[Black "Subramanian, Anusha"]
[Result "1-0"]
[BlackTitle "WFM"]
[WhiteElo "2067"]
[BlackElo "2045"]
[WhiteFideId "2640287"]
[BlackFideId "477710"]
[EventDate "2025.07.01"]

1. e4 e5 2. Nf3 Nc6 3. Nc3 Nf6 4. d4 exd4 5. Nxd4 Bb4 6. Nxc6 bxc6 7. Bd3 O-O 8.
O-O d5 9. exd5 cxd5 10. Bg5 c6 11. Qf3 Be6 12. Ne2 c5 13. c3 Ba5 14. Nf4 Bc7 15.
Nh5 Qd6 16. Bf4 Qe7 17. Nxf6+ gxf6 18. Bxc7 Qxc7 19. Qxf6 c4 20. Bc2 Qd8 21. Qh6
f5 22. Qxe6+ Kh8 23. Qe5+ Kg8 24. Bxf5 Re8 25. Qg3+ Kh8 26. Rae1 Qf6 27. Qh3 Qg7
28. Qg3 Qf6 29. Bc2 Rg8 30. Qh3 Rg7 31. g3 Rag8 32. Qf5 Qb6 33. Qe5 Rf8 34. b4
cxb3 35. Bxb3 Qa6 36. Qd4 Qb5 37. Re7 Rg8 38. Bxd5 Qb8 39. Bxg8 Qxg8 40. Rfe1 h5
41. Qf6 1-0

[Event "Titled Tue 1st Jul Early"]
[Site "chess.com INT"]
[Date "2025.07.01"]
[Round "5"]
[White "Yaksin, Oleg"]
[Black "Grischuk, Alexander"]
[Result "1-0"]
[WhiteTitle "FM"]
[BlackTitle "GM"]
[WhiteElo "2393"]
[BlackElo "2667"]
[WhiteFideId "24105880"]
[BlackFideId "4126025"]
[EventDate "2025.07.01"]

1. Nf3 d5 2. g3 Nf6 3. Bg2 c5 4. O-O g6 5. b3 Bg7 6. Bb2 Nc6 7. Ne5 h5 8. h4
Nxe5 9. Bxe5 O-O 10. c4 Be6 11. d3 Qd7 12. Nd2 d4 13. Bxf6 exf6 14. a3 Rac8 15.
b4 b6 16. bxc5 bxc5 17. Rb1 g5 18. hxg5 fxg5 19. Ne4 g4 20. Rb7 Qd8 21. Qa4 h4
22. Qxa7 hxg3 23. fxg3 Bh6 24. Nf6+ Kg7 25. Bd5 Qd6 26. Ne4 Bxd5 27. Nxd6 Be3+
28. Rf2 Bxb7 29. Qxb7 Rb8 30. Qe4 Bxf2+ 31. Kxf2 f5 32. Qe7+ Kg6 33. Nb5 Rbc8
34. Qe6+ Kg5 35. Nd6 Rc7 36. Qe5 Kg6 37. Nb5 Rc6 38. Nd6 Rf6 39. Qe8+ 1-0

[Event "Titled Tue 1st Jul Early"]
[Site "chess.com INT"]
[Date "2025.07.01"]
[Round "5"]
[White "Petersen, Marcel"]
[Black "Mitrabha, Guha"]
[Result "0-1"]
[WhiteTitle "CM"]
[BlackTitle "GM"]
[WhiteElo "2236"]
[BlackElo "2515"]
[WhiteFideId "12935670"]
[BlackFideId "5057000"]
[EventDate "2025.07.01"]

1. e4 Na6 2. d4 c6 3. c4 g6 4. Nc3 Bg7 5. f4 d6 6. Nf3 Nf6 7. h3 O-O 8. Bd3 c5
9. d5 e6 10. O-O exd5 11. cxd5 Re8 12. Re1 Nc7 13. Bc4 b5 14. Nxb5 Rxe4 15. Nxc7
Qxc7 16. Rxe4 Nxe4 17. Qe2 Nf6 18. Bd2 Bb7 19. Qd3 Re8 20. Bc3 Bc8 21. g4 h5 22.
f5 hxg4 23. hxg4 Nxg4 24. fxg6 Re3 25. Re1 Rxd3 26. Re8+ Bf8 27. g7 Rd1+ 28. Bf1
Qe7 29. gxf8=Q+ Qxf8 30. Rxf8+ Kxf8 0-1

[Event "Titled Tue 1st Jul Early"]
[Site "chess.com INT"]
[Date "2025.07.01"]
[Round "5"]
[White "Novosel, Lovro"]
[Black "Shymanskyi, Oleksandr"]
[Result "0-1"]
[WhiteTitle "FM"]
[BlackTitle "FM"]
[WhiteElo "2338"]
[BlackElo "2218"]
[WhiteFideId "14547120"]
[BlackFideId "14168880"]
[EventDate "2025.07.01"]

1. Nf3 d5 2. c4 d4 3. d3 c5 4. b4 g6 5. g3 Bg7 6. Bg2 Nc6 7. b5 Nb8 8. O-O Nd7
9. a4 Ngf6 10. Ra2 a5 11. e3 dxe3 12. Bxe3 O-O 13. h3 Ra7 14. Re1 b6 15. Nc3 Bb7
16. d4 cxd4 17. Bxd4 Qa8 18. Rxe7 Rd8 19. Rd2 Rc8 20. Qe2 Bf8 21. Re3 Bh6 22.
Nh4 Bxe3 23. Qxe3 Bxg2 24. Nxg2 Rac7 25. Qe7 Rxc4 26. Nf4 Rxc3 27. Bxf6 Rc1+ 0-1

[Event "Titled Tue 1st Jul Early"]
[Site "chess.com INT"]
[Date "2025.07.01"]
[Round "5"]
[White "Rietze, Clemens"]
[Black "Miserendino, Alfredo"]
[Result "1-0"]
[WhiteTitle "FM"]
[WhiteElo "2348"]
[BlackElo "2032"]
[WhiteFideId "24620351"]
[BlackFideId "101800"]
[EventDate "2025.07.01"]

1. d4 c5 2. d5 e6 3. c4 exd5 4. cxd5 Nf6 5. Nc3 d6 6. Nf3 Be7 7. h3 O-O 8. e4
Nbd7 9. Be3 Re8 10. Bd3 Bf8 11. O-O Ne5 12. Nxe5 Rxe5 13. f4 Re8 14. a4 b6 15.
Qf3 a6 16. Rab1 Rb8 17. b4 Nd7 18. Bc4 cxb4 19. Rxb4 Qc7 20. Rc1 Nc5 21. Ba2 Qe7
22. Bxc5 dxc5 23. Rbb1 Qa7 24. Bc4 Bd7 25. e5 b5 26. axb5 axb5 27. Bxb5 c4+ 28.
Kh1 Ba3 29. Rd1 Bc5 30. Bxc4 Bf5 31. Ra1 Qc7 32. Bd3 Bxd3 33. Qxd3 Rb3 34. Qc4
Qb6 35. Na4 1-0

[Event "Titled Tue 1st Jul Early"]
[Site "chess.com INT"]
[Date "2025.07.01"]
[Round "5"]
[White "Mourao, Igor A.C.Lofredo"]
[Black "Akshit, Kumar J"]
[Result "1-0"]
[BlackTitle "CM"]
[WhiteElo "2177"]
[BlackElo "2074"]
[WhiteFideId "2102544"]
[BlackFideId "25097431"]
[EventDate "2025.07.01"]

1. d4 d5 2. c4 c6 3. cxd5 cxd5 4. Nf3 Nf6 5. Nc3 Nc6 6. e3 Bg4 7. Qb3 Na5 8.
Qa4+ Bd7 9. Bb5 e6 10. Ne5 Nc6 11. Nxc6 bxc6 12. Bxc6 Bxc6 13. Qxc6+ Nd7 14. O-O
Be7 15. Bd2 O-O 16. Rfc1 Nb6 17. b3 Ba3 18. Rc2 Qe7 19. Bc1 Bb4 20. Bb2 Rab8 21.
a3 Rfc8 22. Qb5 Nc4 23. Qa6 Nxb2 24. Nxd5 exd5 25. Rxc8+ 1-0

[Event "Titled Tue 1st Jul Early"]
[Site "chess.com INT"]
[Date "2025.07.01"]
[Round "5"]
[White "Palczert, Matyas"]
[Black "Ashraf, Artin"]
[Result "0-1"]
[WhiteTitle "FM"]
[BlackTitle "FM"]
[WhiteElo "2396"]
[BlackElo "2428"]
[WhiteFideId "784958"]
[BlackFideId "22514805"]
[EventDate "2025.07.01"]

1. b3 b6 2. Bb2 Bb7 3. c4 Nf6 4. Nc3 e5 5. Nf3 e4 6. Nd4 Nc6 7. Nf5 Ne5 8. Ne3
Qe7 9. Nb5 d6 10. g3 a6 11. Nc3 h5 12. Bg2 h4 13. O-O O-O-O 14. d4 exd3 15.
Bxb7+ Kxb7 16. exd3 Qd7 17. f4 hxg3 18. fxe5 dxe5 19. Qf3+ Kb8 20. hxg3 Bc5 21.
Rae1 Qxd3 22. Na4 Qh7 23. Rf2 Bxe3 24. Rxe3 Rd1+ 25. Rf1 Qh2# 0-1

[Event "Titled Tue 1st Jul Early"]
[Site "chess.com INT"]
[Date "2025.07.01"]
[Round "5"]
[White "Lesovoi, Evgenij"]
[Black "Levitskiy, Andrey"]
[Result "1-0"]
[WhiteTitle "FM"]
[BlackTitle "FM"]
[WhiteElo "2234"]
[BlackElo "2306"]
[WhiteFideId "24164135"]
[BlackFideId "14132885"]
[EventDate "2025.07.01"]

1. d4 Nf6 2. c4 e6 3. Nc3 Bb4 4. Qc2 d6 5. Nf3 O-O 6. Bd2 c5 7. a3 Ba5 8. dxc5
dxc5 9. g3 b6 10. Bg2 Bb7 11. O-O Nbd7 12. Rfd1 Qe7 13. Bf4 Rfc8 14. Nb5 Ne4 15.
Ng5 f5 16. Nxe4 Bxe4 17. Bxe4 fxe4 18. Nd6 Rf8 19. Nxe4 e5 20. Bg5 Qf7 21. Rd6
h6 22. Be3 Qf5 23. Rad1 Rf7 24. Nf6+ Rxf6 25. Qxf5 Rxf5 26. Rxd7 a6 27. Rb7 Rf7
28. Rxf7 Kxf7 29. Rd7+ Kf6 30. h4 Rb8 31. h5 Ke6 32. Rxg7 b5 33. Rg6+ Kf5 34.
Rxa6 1-0

[Event "Titled Tue 1st Jul Early"]
[Site "chess.com INT"]
[Date "2025.07.01"]
[Round "5"]
[White "Goltsev, Dmitry"]
[Black "Joseph Benher, Savio"]
[Result "1-0"]
[WhiteTitle "FM"]
[WhiteElo "2182"]
[BlackElo "2143"]
[WhiteFideId "24176710"]
[BlackFideId "2629453"]
[EventDate "2025.07.01"]

1. e4 e6 2. d4 d5 3. exd5 exd5 4. Nf3 Bd6 5. c4 dxc4 6. Bxc4 Nf6 7. O-O O-O 8.
Nc3 h6 9. Re1 Nc6 10. a3 Bg4 11. h3 Bxf3 12. Qxf3 Nxd4 13. Qd3 Nc6 14. Qf5 Nd4
15. Qd3 c5 16. Be3 a6 17. Rad1 b5 18. Ba2 Qc7 19. Bxh6 Bh2+ 20. Kh1 Bf4 21. Bxf4
Qxf4 22. Ne4 Nxe4 23. Rxe4 Qxf2 24. Rd2 Qf6 25. Rde2 Rad8 26. Re1 c4 27. Qc3 Rd6
28. Bb1 Nb3 29. Qg3 Rd4 30. Re5 g6 31. Bxg6 fxg6 32. Re6 Rd6 33. Qxd6 1-0

[Event "Titled Tue 1st Jul Early"]
[Site "chess.com INT"]
[Date "2025.07.01"]
[Round "5"]
[White "Nihal, Sarin"]
[Black "Le, Tuan Minh"]
[Result "1-0"]
[WhiteTitle "GM"]
[BlackTitle "GM"]
[WhiteElo "2692"]
[BlackElo "2598"]
[WhiteFideId "25092340"]
[BlackFideId "12401153"]
[EventDate "2025.07.01"]

1. c4 c6 2. e4 d5 3. exd5 cxd5 4. d4 Nf6 5. Nc3 e6 6. Nf3 Bb4 7. cxd5 exd5 8.
Bd3 O-O 9. O-O h6 10. h3 Nc6 11. Re1 Re8 12. Rxe8+ Qxe8 13. Nb5 Qe7 14. a3 Ba5
15. Bf4 a6 16. Nc3 Be6 17. Na4 Ne4 18. Rc1 Qf6 19. Be5 Qg6 20. Bg3 Qf6 21. Bh2
Rd8 22. b4 Nxd4 23. bxa5 Bxh3 24. Bf1 Nxf3+ 25. Qxf3 Qg5 26. Bf4 Qg4 27. Qxg4 1-0

[Event "Titled Tue 1st Jul Early"]
[Site "chess.com INT"]
[Date "2025.07.01"]
[Round "5"]
[White "Amangeldy, Ernur"]
[Black "Eswaran, Ashritha"]
[Result "1-0"]
[WhiteTitle "FM"]
[BlackTitle "FM"]
[WhiteElo "2195"]
[BlackElo "2236"]
[WhiteFideId "13720244"]
[BlackFideId "2080788"]
[EventDate "2025.07.01"]

1. e4 c5 2. Nf3 Nc6 3. Nc3 e5 4. Bc4 d6 5. d3 h6 6. Nd2 g6 7. Nf1 Bg7 8. g4 Nge7
9. h4 a6 10. a4 Rb8 11. h5 g5 12. Ng3 Be6 13. Be3 Qd7 14. Nf5 Bf6 15. Qf3 Nxf5
16. gxf5 Bxc4 17. dxc4 Nd4 18. Bxd4 exd4 19. Nd5 Be5 20. a5 f6 21. Ke2 Kf7 22.
Kd3 Rhe8 23. Rhg1 Qc6 24. Qg4 Rg8 25. Qe2 Qd7 26. Rg4 Rg7 27. Rag1 Rbg8 28. Qd1
Qa4 29. Qa1 Qc6 30. Qa3 Kf8 31. Qb3 Qe8 32. Rh1 Qc8 33. Qb6 Qc6 34. Rhg1 Qxb6
35. Nxb6 Ke8 36. f3 Bh2 37. Rb1 Be5 38. Nd5 Kd7 39. Rgg1 Kc8 40. b4 cxb4 41.
Rxb4 Rf8 42. Rgb1 Rff7 43. Rb6 g4 44. f4 g3 45. fxe5 g2 46. e6 Rf8 47. Rg1 Rfg8
48. Nxf6 Rg3+ 49. Kxd4 1-0

[Event "Titled Tue 1st Jul Early"]
[Site "chess.com INT"]
[Date "2025.07.01"]
[Round "5"]
[White "Raptis, Nick"]
[Black "Sitnic, Adnan"]
[Result "1-0"]
[WhiteTitle "FM"]
[BlackTitle "CM"]
[WhiteElo "2220"]
[BlackElo "2058"]
[WhiteFideId "2016850"]
[BlackFideId "14403854"]
[EventDate "2025.07.01"]

1. d4 Nf6 2. Nc3 d5 3. Bg5 c6 4. e3 Bf5 5. Bd3 Bxd3 6. Qxd3 Nbd7 7. Nf3 h6 8.
Bh4 g5 9. Bg3 Bg7 10. Ne5 Nxe5 11. Bxe5 Nh5 12. f4 gxf4 13. exf4 Bxe5 14. fxe5
Ng7 15. O-O e6 16. Rf6 h5 17. Raf1 Nf5 18. R1xf5 exf5 19. Qxf5 Qe7 20. e6 O-O-O
21. Rxf7 Rdf8 22. Ne2 Kb8 23. Nf4 Rxf7 24. Qe5+ Kc8 25. exf7 Qxe5 26. dxe5 Kd7
27. Ng6 Rb8 28. f8=Q Rxf8 29. Nxf8+ Ke7 30. Ng6+ Ke6 31. Kf2 Kf5 32. Nf4 Kxe5
33. Nxh5 1-0

[Event "Titled Tue 1st Jul Early"]
[Site "chess.com INT"]
[Date "2025.07.01"]
[Round "5"]
[White "Dovgaliuk, Oleksandr"]
[Black "Burovic, Rijad"]
[Result "1-0"]
[BlackTitle "IM"]
[WhiteElo "2174"]
[BlackElo "2420"]
[WhiteFideId "14167247"]
[BlackFideId "14407701"]
[EventDate "2025.07.01"]

1. e4 g6 2. Nc3 Bg7 3. h4 c6 4. h5 d5 5. d4 dxe4 6. hxg6 hxg6 7. Rxh8 Bxh8 8.
Be3 Qb6 9. Nxe4 Qxb2 10. Rb1 Qxa2 11. Nc5 Qa5+ 12. Bd2 Qc7 13. Nf3 Nd7 14. Nd3
Ngf6 15. Nde5 Nxe5 16. Nxe5 Be6 17. Qe2 Rd8 18. Nxg6 Bg4 19. Qe5 Qxe5+ 20. Nxe5
Rxd4 21. Nxg4 Nxg4 22. Rxb7 Bf6 23. f3 Bh4+ 24. Ke2 Nf6 25. Rxa7 Nd5 26. c3 Rc4
27. Kd3 Rc5 28. c4 Nf6 29. Bb4 Re5 30. f4 Re6 31. g3 Bxg3 32. Bh3 Re4 33. Ra8# 1-0

[Event "Titled Tue 1st Jul Early"]
[Site "chess.com INT"]
[Date "2025.07.01"]
[Round "5"]
[White "Sprenar, Petr"]
[Black "Fronda, Jan Jodilyn"]
[Result "1-0"]
[WhiteTitle "FM"]
[BlackTitle "WIM"]
[WhiteElo "2318"]
[BlackElo "2115"]
[WhiteFideId "397164"]
[BlackFideId "5204585"]
[EventDate "2025.07.01"]

1. Nf3 Nf6 2. g3 g6 3. Bg2 Bg7 4. O-O O-O 5. d4 d6 6. b3 c6 7. Bb2 d5 8. c4 Bg4
9. Ne5 Be6 10. Nc3 Nfd7 11. cxd5 cxd5 12. Nxd5 Nxe5 13. dxe5 Nc6 14. f4 Qa5 15.
Qe1 Qc5+ 16. Qf2 Qc2 17. e4 Qxf2+ 18. Rxf2 Rfd8 19. Nc7 Rac8 20. Nxe6 fxe6 21.
Bh3 Kf7 22. Rc1 Nb4 23. Rxc8 Rxc8 24. Rd2 Nxa2 25. Ba3 Nc3 26. Rd7 Bf8 27. Rxb7
Nxe4 28. Rxa7 Rc6 29. Bg2 Rb6 30. Bxe4 Rxb3 31. Bc5 Rc3 32. Rc7 h6 33. Rc6 g5
34. f5 exf5 35. Bxf5 Bg7 36. e6+ Kg8 37. Rc8+ Bf8 38. Bg6 Kg7 39. Bd4+ Kxg6 40.
Bxc3 Bg7 41. Rg8 1-0